000 00602nam a2200229Ia 4500
003 OSt
005 20221007080048.0
006 a|||||r|||| 00| 0
007 ta
008 221006b |||||||| |||| 00| 0 eng d
024 _a12,569
037 _cTextual
040 _aFLL
_cFLL
_beng
041 _2eng
_aeng
082 _aV247:12.N7, M1
100 _aPuri Balraj Au.
_9694580
245 0 _aJammu and kashmir
260 _aNew Delhi
_bSterling pub. India
_c1981
300 _ax,280p
_ccm.
942 _hV247:12.N7, M1
_cTEXL
_2CC
999 _c1158260
_d1158260